[Event "Gorodovikovsk Bashanta Spring"]
[Site "Gorodovikovsk"]
[Date "2009.04.20"]
[Round "11"]
[White "Pisanovsky, Maxim"]
[Black "Dzhungurov, Vasily"]
[Result "1-0"]
[WhiteElo "2178"]
[BlackElo "1958"]
[PlyCount "47"]
[EventDate "2009.04.20"]
[EventType "tourn"]
[EventRounds "11"]
[EventCountry "RUS"]
[SourceTitle "EXT 2022"]
[Source "ChessBase"]
[SourceDate "2021.10.06"]
[SourceVersion "1"]
[SourceVersionDate "2021.10.06"]
[SourceQuality "1"]

1. d4 Nf6 2. c4 c6 3. Nc3 d5 4. e3 Bf5 5. cxd5 cxd5 6. Qb3 e6 7. Qxb7 Nbd7 8. Nf3 Be7 9. Be2 0-0 10. 0-0 Ne4 11. Nxe4 Bxe4 12. Nd2 Bg6 13. Qa6 Nf6 14. Bd3 Bd6 15. Bxg6 hxg6 16. Nf3 Qb8 17. b3 Ne4 18. Ba3 Bxa3 19. Qxa3 Rc8 20. Rfc1 Qb7 21. Qb2 a5 22. Rxc8+ Rxc8 23. Rc1 Rxc1+ 24. Qxc1 1-0

[Event "Bashanta Summer"]
[Site "Gorodovikovsk"]
[Date "2008.07.??"]
[Round "5"]
[White "Gusev, Alex"]
[Black "Dzhungurov, Vasily"]
[Result "1-0"]
[WhiteElo "2133"]
[BlackElo "1985"]
[PlyCount "119"]
[EventDate "2008.07.16"]
[EventType "tourn"]
[EventRounds "9"]
[EventCountry "RUS"]
[SourceTitle "EXT 2022"]
[Source "ChessBase"]
[SourceDate "2021.10.06"]
[SourceVersion "1"]
[SourceVersionDate "2021.10.06"]
[SourceQuality "1"]

1. d4 Nf6 2. Bg5 e6 3. e3 d5 4. f4 Be7 5. Nf3 Ne4 6. Bxe7 Qxe7 7. Nbd2 Nxd2 8. Qxd2 Nc6 9. c4 Qb4 10. Ne5 Qxd2+ 11. Kxd2 Nxe5 12. dxe5 dxc4 13. Bxc4 Bd7 14. Rac1 0-0-0 15. Ke2 Bc6 16. Bd3 g6 17. e4 Rd4 18. Ke3 Rhd8 19. Bc2 Rd2 20. g4 Bb5 21. a4 Re2+ 22. Kf3 Ba6 23. b4 Rdd2 24. Bb1 Rf2+ 25. Kg3 b6 26. b5 Bb7 27. Rc3 Kb8 28. Rhc1 Rg2+ 29. Kh4 h6 30. h3 Rdf2 31. f5 Rh2 32. fxe6 fxe6 33. Rd1 Rd2 34. Rf1 Rdf2 35. Rf3 Rxf1 36. Rxf1 Rb2 37. Bd3 Rb4 38. Rf8+ Bc8 39. Rg8 Rb3 40. Rxg6 Rxd3 41. Rxh6 c5 42. bxc6 a6 43. g5 b5 44. g6 Rd8 45. axb5 axb5 46. g7 Rg8 47. Rg6 Kc7 48. Kh5 b4 49. Kh6 b3 50. Kh7 Rxg7+ 51. Rxg7+ Kxc6 52. h4 Ba6 53. Rg3 Bc4 54. Rg2 Bd3 55. Rb2 Bxe4+ 56. Kg7 Bc2 57. h5 Kd5 58. h6 Kxe5 59. Rxb3 Kd4 60. Rg3 1-0

[Event "Bashanta Spring"]
[Site "Bashanta "]
[Date "2007.??.??"]
[Round "2"]
[White "Gusev, Alex"]
[Black "Dzhungurov, Vasily"]
[Result "1-0"]
[WhiteElo "2175"]
[BlackElo "1982"]
[PlyCount "83"]
[EventDate "2007.03.21"]
[EventType "tourn"]
[EventRounds "9"]
[EventCountry "RUS"]
[SourceTitle "EXT 2008"]
[Source "ChessBase"]
[SourceDate "2007.11.25"]
[SourceVersion "1"]
[SourceVersionDate "2007.11.25"]
[SourceQuality "1"]

1. d4 d5 2. e4 dxe4 3. Nc3 Nf6 4. f3 exf3 5. Nxf3 Bg4 6. h3 Bh5 7. Bc4 e6 8. g4 Bg6 9. 0-0 Be7 10. Be3 c6 11. Ne5 0-0 12. h4 Nd5 13. Bxd5 cxd5 14. h5 Be4 15. Nxe4 dxe4 16. h6 g6 17. Qe1 f6 18. Nc4 b5 19. Nd2 f5 20. Nb3 Nd7 21. d5 e5 22. gxf5 gxf5 23. Qg3+ Kf7 24. Rxf5+ Bf6 25. Qg7+ Ke8 26. Qxh7 Qe7 27. Qxe7+ Bxe7 28. Rxf8+ Nxf8 29. Rd1 Bd6 30. Nd2 Ng6 31. Nxe4 Kd7 32. Kf2 Rf8+ 33. Ke2 Nf4+ 34. Bxf4 Rxf4 35. Nxd6 Kxd6 36. Rh1 Rf8 37. h7 Rh8 38. Ke3 Kxd5 39. Rh5 a6 40. Rh4 a5 41. Rh3 b4 42. Rh2 1-0